Staroveké báje a povesti /

Hlavní autor: Mertlík, Rudolf, 1913-1985
Další autoři: Rovenská, Jana
Jazyk: Slovenština
Vydáno: Bratislava : Tatran, 1988
Vydání: 1. vyd.
Edice: Panteón
Fyzický popis: 399 s.
Knihy
Uloženo v:
LEADER 00780nam a2200265 a 4500
001 000285960
003 CZ BrMZK
005 20090908073932.0
007 ta
008 980105s1988 xo f slo d
040 |a BOA001  |b cze 
080 |a 885.0-343=884  |2 MRF 
080 |a 292  |2 MRF 
080 |a 398.221(37/38)  |2 MRF 
100 1 |a Mertlík, Rudolf,  |d 1913-1985  |7 jk01081315  |4 aut 
245 1 0 |a Staroveké báje a povesti /  |c Rudolf Mertlík ; z čes. orig. preložila Jana Rovenská ; ilustr. Dušan Stopiak 
250 |a 1. vyd. 
260 |a Bratislava :  |b Tatran,  |c 1988 
300 |a 399 s. 
490 1 |a Panteón ;  |v zv. 16 
700 1 |a Rovenská, Jana  |7 jk01102890  |4 trl 
765 0 |t Starověké báje a pověsti 
830 0 |a Panteón 
910 |a BOA001  |b 2-0941.633 
990 |a BK